Does schooling buffer the effects of early risk? (Record no. 66262)

MARC details
000 -CABECERA
campo de control de longitud fija 00602nam a2200229 a 4500
005 - FECHA Y HORA DE LA ÚLTIMA TRANSACCIÓN
campo de control 20210219153019.0
008 - ELEMENTOS DE LONGITUD FIJA--INFORMACIÓN GENERAL
campo de control de longitud fija 991125n 000 0 eng u
035 ## - NÚMERO DE CONTROL DEL SISTEMA
Número de control de sistema UPN01000073158
100 ## - ASIENTO PRINCIPAL--NOMBRE PERSONAL
Nombre de persona GORMAN, Kchhleen S.
222 ## - TÍTULO CLAVE
Título clave CHILD DEVELOPMENT
245 ## - MENCIÓN DE TÍTULO
Título Does schooling buffer the effects of early risk?
260 ## - PUBLICACIÓN, DISTRIBUCIÓN, ETC.
Lugar de publicación, distribución, etc. CHICAGO, EUA
300 ## - DESCRIPCIÓN FÍSICA
Extensión 314-326
362 ## - FECHAS DE PUBLICACIÓN Y/O DESIGNACIÓN SECUENCIAL
Fecha de publicación y/o designación secuencial 1996 Vol. 67, no. 2, apr.
653 0# - TERMINO DE INDIZACION - NO CONTROLADO
Término no controlado ESCUELA
653 0# - TERMINO DE INDIZACION - NO CONTROLADO
Término no controlado FACTORES DE RIESGO
653 0# - TERMINO DE INDIZACION - NO CONTROLADO
Término no controlado NIÑOS
653 0# - TERMINO DE INDIZACION - NO CONTROLADO
Término no controlado SOCIALIZACION
700 ## - ASIENTO SECUNDARIO--NOMBRE DE PERSONAL
Nombre de persona POLLIT, Ernesto, coaut.
904 ## - ELEMENTOS DE DATOS D LOCAL, LDD (RLIN)
a AC
b 010969
905 ## - TIPO DE MATERIAL
Tipo de material Articulo

No items available.